La crisis axiológica, raíz de todas las crisis que sufre nuestro mundo (Record no. 183522)

MARC details
000 -LEADER
campo de control de longitud fija 01018nam a2200277 i 4500
001 - NÚMERO DE CONTROL
campo de control 183522
003 - IDENTIFICADOR DE NÚMERO DE CONTROL
campo de control ES-MaACL
005 - FECHA Y HORA DE LA ÚLTIMA TRANSACCIÓN
campo de control 20231105122434.0
008 - DATOS DE LONGITUD FIJA--INFORMACIÓN GENERAL
campo de control de longitud fija 140711s2013 sp |||| | spa d
020 ## - NÚMERO INTERNACIONAL ESTÁNDAR DEL LIBRO
Número Internacional Estándar del Libro 9788468633459
080 ## - NÚMERO DE LA CLASIFICACIÓN DECIMAL UNIVERSAL
Número de la Clasificación Decimal Universal 17.022.1
111 2# - ENTRADA PRINCIPAL--NOMBRE DE CONGRESO/REUNIÓN
Nombre de congreso/reunión o jurisdicción como elemento de entrada Encuentro Internacional CETR (
Número del congreso/reunión o número de parte o sección 8º.
Fecha del congreso o de la firma del tratado 2012)
9 (RLIN) 226201
245 13 - MENCIÓN DEL TÍTULO
Título La crisis axiológica, raíz de todas las crisis que sufre nuestro mundo
Resto del título : cómo manejarnos con ella /
Mención de responsabilidad, etc. 8º Encuentro Internacional octubre 2012 ; M. Corbí, coord.
260 ## - PUBLICACIÓN, DISTRIBUCIÓN, ETC.
Lugar de publicación, distribución, etc. Barcelona :
Nombre del editor, distribuidor, etc. CETR,
Fecha de publicación, distribución, etc. D. L. 2013.
300 ## - DESCRIPCIÓN FÍSICA
Extensión 305 p. ;
Dimensiones 21cm.
351 ## - ORGANIZACIÓN Y ORDENACIÓN DE LOS MATERIALES
Institución Referencias bibliográficas.
500 ## - NOTA GENERAL
Nota general En lomo: 9.
650 04 - PUNTO DE ACCESO ADICIONAL DE MATERIA--TÉRMINO DE MATERIA
Término de materia o nombre geográfico como elemento de entrada Valores (Filosofía)
9 (RLIN) 154937
650 #4 - PUNTO DE ACCESO ADICIONAL DE MATERIA--TÉRMINO DE MATERIA
Término de materia o nombre geográfico como elemento de entrada Globalización.
9 (RLIN) 13125
700 1# - ENTRADA AGREGADA--NOMBRE PERSONAL
Nombre de persona Corbí, Marià.
9 (RLIN) 40466
710 2# - ENTRADA AGREGADA--NOMBRE DE ENTIDAD CORPORATIVA
Nombre de entidad corporativa o nombre de jurisdicción como elemento de entrada Centro de Estudio de las Tradiciones Religiosas.
9 (RLIN) 154936
852 ## - LOCALIZACIÓN
Ubicación ES-MaACL
itemnumber 190463
Sublocalización o colección R.149.915
Número de control de estantería A-13134
Signatura antigua Olim: N-6134
Ubicación en estantería Depósito 1
942 ## - ELEMENTOS DE ENTRADA SECUNDARIOS (KOHA)
Fuente del sistema de clasificación o colocación Clasificación decimal universal
Tipo de ítem Koha Libro impreso
Suprimir en OPAC No
Holdings
Estatus retirado Estado de pérdida Fuente del sistema de clasificación o colocación Estado de daño No para préstamo Biblioteca de origen Biblioteca actual Ubicación en estantería Fecha de adquisición Fuente de adquisición Total de préstamos Signatura topográfica completa Código de barras Visto por última vez Precio de reemplazo Tipo de ítem Koha
    Clasificación decimal universal     Biblioteca del Ateneo de Madrid Biblioteca del Ateneo de Madrid Depósito 1 11/07/2014 Donación   A-13134 1192899 23/02/2023 23/02/2023 Libro impreso